000 00553nam a2200157 a 4500
008 120416s1992 ||||||||||||||||| || u
020 _a0415055407
050 _aHJ 2151 Gup
100 _aGupta, Kanhaya L
245 1 0 _aBudget deficits and economic activity in Asia
260 _aLondon
_bRoutledge
_c1992
300 _axii, 198p. : ill.
350 _a0.00
650 _aBUDGET DEFICITS--ASIA
995 _D0.00
_FCBU-MAIN LIBRARY (Kitwe)
_H1
_I40.00
_M1
_UAVAILABLE
_ZAnnex Low-Usage Collection
999 _c36202
_d36202